Marketing Today

Enregistré dans:
Détails bibliographiques
Auteur principal: Mentzer, John T.
Autres auteurs: Schwartz, David J.
Format: Livre
Langue:anglais
Publié: San Diego Harcourt Brace Jovanovich 1985
Édition:4. ed.
Sujets:
Tags: Ajouter un tag
Pas de tags, Soyez le premier à ajouter un tag!

MARC

LEADER 00000nam a2200000 4500
001 c012119
005 20221207073905.6
020 |a 0-15-555093-4 
041 0 |a eng 
044 |a US 
245 1 0 |a Marketing Today  |c John T. Mentzer, David J. Schwartz 
250 |a 4. ed. 
264 1 |a San Diego  |b Harcourt Brace Jovanovich  |c 1985 
300 |a 832 s. 
610 2 0 |a systémy informačné manažérske 
610 2 0 |a demografia ekonomická 
610 2 0 |a marketing 
610 2 0 |a správanie 
610 2 0 |a spotrebitelia 
610 2 0 |a stratégia marketingová 
100 1 |a Mentzer, John T. 
700 1 |a Schwartz, David J.